Normal view
MARC view
Entry Nombre corporativo
001 - NÚMERO DE CONTROL
- campo de control: 85967
003 - IDENTIFICADOR DEL NÚMERO DE CONTROL
- campo de control: BNPHU
005 - FECHA Y HORA DE LA ÚLTIMA TRANSACCIÓN
- campo de control: 20240710105749.0
008 - DATOS DE LONGITUD FIJA
- campo de control de longitud fija: 240705|| aca||aabn | a|a d
040 ## - FUENTE DE LA CATALOGACIÓN
- Centro catalogador/agencia de origen: DO-SdBNP
- Lengua de catalogación: spa
- Centro/agencia transcriptor: BNPHU
- Normas de descripción: rda
110 2# - ENCABEZAMIENTO-NOMBRE DE ENTIDAD CORPORATIVA
- Nombre de entidad corporativa o nombre de jurisdicción como elemento de entrada: Asociación Dominicana para el Desarrollo de la Mujer
368 ## - OTROS ATRIBUTOS DE PERSONA O ENTIDAD CORPORATIVA
- Tipo de entidad corporativa: ADOPEM, asociación sin fines de lucro. Creado por un grupo de mujeres que decidió unirse hace más de cuarenta años para promover el desarrollo humano y económico de la mujer dominicana de los estratos más pobres del país.
371 ## - DIRECCIÓN
- Dirección: Calle Heriberto Pieter, 12 - Santo Domingo , 809 563 3939 - [email protected]
410 2# - TRAZADO DE VÉASE--NOMBRE DE ENTIDAD CORPORATIVA
- Nombre de entidad corporativa o nombre de jurisdicción como elemento de entrada: ADOPEM
670 ## - FUENTE DE DATOS ENCONTRADOS
- Cita de la fuente: Work cat.: (DO-SdBNP)57077: Wiscovitch Carlo, Ada, autora 85883, 40 años al servicio de la mujer dominicana /
670 ## - FUENTE DE DATOS ENCONTRADOS
- Cita de la fuente: Asociación Dominicana para el Desarrollo de la Mujer (ADOPEM), 1995:
- Información encontrada: p. 1 (creada en 1982 como filial del Women's World Banking)
